| 000 | 01085aam a2200301 a 4500 | ||
|---|---|---|---|
| 001 | 013662103 | ||
| 003 | OSt | ||
| 005 | 20201128021002.0 | ||
| 008 | 061030t2007 ne a frb 001 0 eng d | ||
| 020 | _a9780750679831 | ||
| 020 | _a0750679832 | ||
| 040 |
_aEG-ScBUE _beng _cEG-ScBUE _dEG-ScBUE |
||
| 082 | 0 | 4 |
_a338.88 _222 _bKAT |
| 100 | 1 |
_934370 _aKatsioloudes, Marios I. |
|
| 245 | 1 | 0 |
_aInternational business : _ba global perspective / _cMarios I. Katsioloudes and Spyros Hadjidakis. |
| 260 |
_aBurlington ; _aOxford : _bButterworth-Heinemann / Elsevier, _cc.2007. |
||
| 300 |
_axv, 705 p. : _bill. ; _c26 cm. |
||
| 500 | _aIndex : p. 693-705. | ||
| 504 | _aIncludes bibliographical references. | ||
| 650 | 7 |
_aInternational trade. _94508 _2BUEsh |
|
| 650 | 7 |
_aInternational business enterprises. _91592 _2BUEsh |
|
| 650 | 7 |
_aInternational finance. _91619 _2BUEsh |
|
| 650 | 7 |
_aGlobalization _xEconomic aspects. _93901 _2BUEsh |
|
| 651 | _2BUEsh | ||
| 653 |
_bBUSADM _cNovember2013 _cDecember2013 _cNovember2016 |
||
| 700 | 1 |
_aHadjidakis, Spyros. _934375 |
|
| 942 |
_2ddc _cBB _k338.88 KAT |
||
| 999 |
_c17734 _d17706 |
||